UBT Library

Viva Verdi (Record no. 60767)

000 -LEADER
fixed length control field 00267nam a22001217a 4500
008 - FIXED-LENGTH DATA ELEMENTS--GENERAL INFORMATION
fixed length control field 260211b ||||| |||| 00| 0 eng d
041 ## - LANGUAGE CODE
Language code of text/sound track or separate title eng
080 ## - UNIVERSAL DECIMAL CLASSIFICATION NUMBER
Field link and sequence number 0010
Universal Decimal Classification number 0001
100 ## - Rafti
Rafti 20
101 ## - Shkurtesa
Shkurtesa ital
245 ## - TITLE STATEMENT
Title Viva Verdi
Statement of responsibility, etc Alberto Cristofori
942 ## - ADDED ENTRY ELEMENTS (KOHA)
Source of classification or shelving scheme
Item type Books
Holdings
Withdrawn status Lost status Source of classification or shelving scheme Damaged status Not for loan Collection code Permanent location Current location Date acquired Total Checkouts Barcode Date last seen Price effective from Koha item type
          Koleksioni i përgjithshem UBT - Lipjan UBT - Lipjan 02/11/2026   002-800070999454 02/11/2026 02/11/2026 Books
UBT Library © 2015-2024. All rights reserved University Education for Business and Technology